MARC

LEADER 00000nam0a2200000 4500
001 67876
005 20231031074224.0
010 |a 5170226772 
035 |a (RuTPU)RU\TPU\book\72271 
090 |a 67876 
100 |a 20040927d2004 m y0rusy50 ca 
101 0 |a rus 
102 |a RU 
105 |a y z 000ay 
200 1 |a Бунт женщин  |e Роман  |f Т. Л. Успенская 
210 |a Москва  |c АСТ  |d 2004 
215 |a 399 с. 
225 1 |a Русский романс 
610 1 |a русская литература 
610 1 |a романы 
610 1 |a любовные романы 
675 |a Р2  |v 3 
700 1 |a Успенская  |b Т. Л.  |g Татьяна Львовна 
801 1 |a RU  |b 63413507  |c 20040927  |g PSBO 
801 2 |a RU  |b 63413507  |c 20041025  |g PSBO 
942 |c BK